000 00319nam a2200121Ia 4500
008 220216s9999 xx 000 0 und d
100 _aHoi W K
245 0 _aCharcoal and briquettes from rubberwood
260 _bRubberwood: Processing and utilization
_c1994
300 _a207-221
650 _aRubberwood
942 _cJS
999 _c55462
_d55462